000 00412nam a22001697a 4500
003 SGT
020 _a9788131263877
082 _a617.51
_bM24D
100 _aDHINGRA, PL.
245 _aMANUAL OF CLINICAL CASESIN EAR, NOSE AND THROAT
250 _a2ND
260 _aNEW DELHI
_bELSEVIER
_c2024
300 _a181
650 _aENT
653 _aMANUAL , CLINICAL, CASESIN, EAR, NOSE , THROAT
942 _2ddc
_cBK
999 _c29005
_d29005